000 00826nam a22002057a 4500
999 _c15459
_d15459
003 AR-CdUCM
008 190427b ||||| |||| 00| spa d
040 _aMUNICIPALIDAD PROVINCIAL DEL CUSCO
_cBIBLIOTECA MUNICIPAL DEL CUSCO
082 _a320.983 /
_bC35
100 _aCastro, Fidel.
_914014
245 _aEs la hora en que todos los países del tercer mundo deben unir sus fuerzas y enfrentar el reto imperialista /
260 _aLa habana :
_bEditorial de ciencias políticas,
_c1974.
300 _a60 páginas ;
_c17 cm.
505 _aContenido :Es la hora en que todos los países del tercer mundo deben unir sus fuerzas y enfrentar el reto imperialista ...
650 _aAmérica Latina.
_91130
650 _aPolítica y gobierno.
_92693
650 _aSiglo XX.
_98
942 _2ddc
_cLIBROS
945 _arum
_d2019-04-27